00323nam a2200133Ia 4500003000400000008004100004020002300045040000800068100001700076245004100093260003000134300001300164365001200177LDD181029s9999 xx 000 0 und d a415237971cP 20.99 cLDD aHems, Alison 0aHeritage InterpretationcAlison Hems aNew YorkbRoutledgec2006 ax, 211p. bP 20.99